ბათუმის შოთა რუსთაველის სახელმწიფო უნივერსიტეტის ბიბლიოთეკა

მექანიკური ფორთოხალი : (ბიბ.ჩანაწერი № 42809)

000 -ლიდერი
ფიქსირებული სიგრძის საკონტროლო ველი 01492nam a2200289Ia 4500
001 - საკონტროლო ნომერი
საკონტროლო ველი 9515
003 - საკონტროლო ნომრის იდენტიფიკატორი
საკონტროლო ველი GE_BSU
005 - ბოლო ოპერაციის თარიღი და დრო
საკონტროლო ველი 20240611123004.0
008 - ფიქსირებული სიგრძის მონაცემთა ელემენტები - ზოგადი ინფორმაცია
ფიქსირებული სიგრძის საკონტროლო ველი 181216s2013||||ge |||||||||||||| ||geo||
020 ## - წიგნის საერთაშორისო სტანდარტული ნომერი
International Standard Book Number 9789941212581
040 ## - კატალოგიზაციის წყარო
Transcribing agency GE_BSU
041 ## - ენის კოდი
Language code of text/sound track or separate title geo
080 ## - უნივერსალური ათობითი კლასიფიკაციის ინდექსი
Universal Decimal Classification number 811.111–31 ბ–57
100 ## - მთავარი ჩანაწერი - პიროვნების სახელი
Personal name ბერჯესი, ენტონი
9 (RLIN) 22390
245 ## - ცნობა სათაურის შესახებ
Title მექანიკური ფორთოხალი :
Remainder of title რომანი /
Statement of responsibility, etc ენტონი ბერჯესი ; რედ. ლია შარვაშიძე ; წინასიტყვ. ენდრიუ ბისუელი ; ინგლისურიდან თარგმნა გია ჭუმბურიძემ.
264 ## - წარმოების, გამოცემის, დისტრიბუციის და სხვა ცნობები
გამოცემის, წარმოების, დისტრიბუციის... ადგილი თბილისი :
გამოცემის, წარმოების, დისტრიბუციის... სახელწოდება პალიტრა L,
გამოცემის, წარმოების, დისტრიბუციის... თარიღი 2013.
300 ## - ფიზიკური აღწერა
Extent 248 გვ. ;
Dimensions 22 სმ.
500 ## - ზოგადი შენიშვნა
General note შენიშვნები და განმარტებები : გვ. 242-247
520 ## - SUMMARY, ETC.
Summary, etc შენიშვნები და განმარტებები:გვ.242–247
653 ## - INDEX TERM--UNCONTROLLED
Uncontrolled term მექანიკური ფორთოხალი
653 ## - INDEX TERM--UNCONTROLLED
Uncontrolled term რომანი
700 ## - ADDED ENTRY--PERSONAL NAME
Personal name ბისუელი, ენდრიუ
Relator term წინასიტყვაობა
9 (RLIN) 22394
700 ## - ADDED ENTRY--PERSONAL NAME
Personal name ჭუმბურიძე, გია
Relator term მთარგმნელი
9 (RLIN) 3481
700 ## - ADDED ENTRY--PERSONAL NAME
Personal name შარვაშიძე, ლია
Relator term რედაქტორი
9 (RLIN) 5787
942 ## - ADDED ENTRY ELEMENTS (KOHA)
Koha item type წიგნი
Source of classification or shelving scheme
ეგზემპლარები
ჩამოწერის სტატუსი დაკარგული ეგზემპლარის სტატუსი კლასიფიკაციის წყარო ან თაროზე გაწყობის სქემა დაზიანების სტატუსი არ გაიცემა მუდმივი მდებარეობა (დაცვის ადგილი) ამჟამინდელი ადგილსამყოფელი თაროზე განთავსების ადგილი შეძენის თარიღი ღირებულება, შესყიდვის ნორმალური ფასი სრული შენახვის შიფრი შტრიხკოდი ბოლო ოპერაციის თარიღი ეგზემპლარის მიმდევრობითი ნომერი (კეტერი?) ფასის ძალაში შესვლის თარიღი ეგზემპლარის სახეობა საჯარო შენიშვნა
          ბათუმის შოთა რუსთაველის სახელმწიფო უნივერსიტეტის მთავარი ბიბლიოთეკა ბათუმის შოთა რუსთაველის სახელმწიფო უნივერსიტეტის მთავარი ბიბლიოთეკა წიგნსაცავი 2018-12-17 8.00 811.111–31 ბ–57 26825 2018-12-17 26825 2018-12-17 წიგნი 8.00 ₾.